000 00703nam a2200289Ia 4500
005 20260324150456.0
008 008 260324s9999 xx 000 0 eng d
020 _a9781315683201
037 _aEBOOK
040 _aCRL
040 _beng
040 _cCRL
041 _2eng
041 _aeng
084 _qCRL
100 _aJoan Wynn Reeves
_91226548
245 0 _aThinking About Thinking
245 0 _bStudies in the Background of some Psychological Approaches
260 _bTaylor and Francis
260 _c1965
365 _a
365 _b290
856 _uhttp://www.taylorfrancis.com/books/9781315683201
942 _cEBOOK
999 _c1836055
_d1836055